000 00427nam a2200181Ia 4500
001 2686
005 20260306144825.0
008 260306t2000||||xx |||||||||||||| ||spa||
041 _aESP
082 _a210.1
_bM26
100 _aMarini, Pablo
_eAUT
245 0 _aApuntes de teología:
_bliturgia y sacramentos
260 _c2000
300 _apágs. :
_c20 cm.
650 _aGEN
654 _aCHU
942 _cLIB
_dJUS
_fJUS
_2ddc
_n
999 _c2686
_d2686